NFL Top 10 Yards from Scrimmage 2000s - Statistics

General Stats
  • This quiz has been taken 28 times
  • The average score is 80 of 100
Answer Stats
Year Team Player % Correct
2009: 3 Vikings Adrian Peterson
100%
2007: 4 Vikings Adrian Peterson
100%
2009: 6 Texans Andre Johnson
100%
2008: 1 Texans Andre Johnson
100%
2008: 7 Texans Andre Johnson
100%
2007: 9 Bengals Chad Johnson
100%
2009: 1 Titans Chris Johnson
100%
2008: 10 Titans Chris Johnson
100%
2006: 3 Chiefs Larry Johnson
100%
2005: 2 Chiefs Larry Johnson
100%
2006: 10 Bengals Rudi Johnson
100%
2004: 10 Bengals Rudi Johnson
100%
2008: 8 Chargers LaDainian Tomlinson
95%
2007: 2 Chargers LaDainian Tomlinson
95%
2006: 2 Chargers LaDainian Tomlinson
95%
2005: 5 Chargers LaDainian Tomlinson
95%
2004: 5 Chargers LaDainian Tomlinson
95%
2003: 1 Chargers LaDainian Tomlinson
95%
2002: 3 Chargers LaDainian Tomlinson
95%
2001: 9 Chargers LaDainian Tomlinson
95%
2008: 3 Bears Matt Forte
95%
2009: 4 Jaguars Maurice Jones-Drew
95%
2009: 2 Ravens Ray Rice
95%
2009: 8 Jets Thomas Jones
95%
2008: 9 Jets Thomas Jones
95%
2004: 3 Jets Curtis Martin
91%
2001: 4 Jets Curtis Martin
91%
2000: 9 Jets Curtis Martin
91%
2005: 4 Colts Edgerrin James
91%
2004: 2 Colts Edgerrin James
91%
2000: 1 Colts Edgerrin James
91%
2009: 7 49ers Frank Gore
91%
2007: 6 49ers Frank Gore
91%
2006: 4 49ers Frank Gore
91%
2007: 5 Browns Jamal Lewis
91%
2003: 2 Ravens Jamal Lewis
91%
2002: 7 Ravens Jamal Lewis
91%
2003: 5 Chiefs Priest Holmes
91%
2002: 1 Chiefs Priest Holmes
91%
2001: 1 Chiefs Priest Holmes
91%
2005: 3 Seahawks Shaun Alexander
91%
2004: 4 Seahawks Shaun Alexander
91%
2003: 8 Seahawks Shaun Alexander
91%
2001: 6 Seahawks Shaun Alexander
91%
2009: 10 Bills Fred Jackson
86%
2001: 2 Rams Marshall Faulk
86%
2000: 2 Rams Marshall Faulk
86%
2000: 4 Vikings Robert Smith
86%
2000: 10 Broncos Rod Smith
86%
2009: 5 Rams Steven Jackson
86%
2006: 1 Rams Steven Jackson
86%
2005: 9 Panthers Steve Smith
86%
2006: 5 Giants Tiki Barber
86%
2005: 1 Giants Tiki Barber
86%
2004: 1 Giants Tiki Barber
86%
2002: 4 Giants Tiki Barber
86%
2000: 8 Giants Tiki Barber
86%
2003: 3 Packers Ahman Green
82%
2001: 3 Saints Ahman Green
82%
2000: 7 Packers Ahman Green
82%
2008: 4 Redskins Clinton Portis
82%
2007: 3 Redskins Clinton Portis
82%
2005: 6 Redskins Clinton Portis
82%
2004: 9 Redskins Clinton Portis
82%
2003: 7 Broncos Clinton Portis
82%
2002: 6 Broncos Clinton Portis
82%
2000: 3 Titans Eddie George
82%
2008: 2 Falcons Michael Turner
82%
2008: 6 Panthers DeAngelo Williams
77%
2004: 6 Texans Domanick Williams
77%
2003: 9 Dolphins Ricky Williams
77%
2002: 2 Dolphins Ricky Williams
77%
2001: 5 Saints Ricky Williams
77%
2007: 1 Eagles Brian Westbrook
73%
2006: 6 Eagles Brian Westbrook
73%
2006: 9 Vikings Chester Taylor
73%
2004: 8 Jaguars Fred Taylor
73%
2003: 6 Jaguars Fred Taylor
73%
2002: 10 Colts Marvin Harrison
73%
2007: 8 Patriots Randy Moss
73%
2003: 10 Rams Torry Holt
73%
2004: 7 Patriots Corey Dillon
64%
2007: 7 Colts Reggie Wayne
64%
2001: 7 Redskins Stephen Davis
64%
2003: 4 Saints Deuce McAllister
59%
2002: 9 Saints Deuce McAllister
59%
2002: 8 Bills Travis Henry
59%
2001: 10 49ers Garrison Hearst
55%
2001: 8 Cardinals David Boston
50%
2007: 10 Steelers Willie Parker
50%
2006: 7 Steelers Willie Parker
50%
2000: 5 Seahawks Ricky Watters
45%
2005: 7 Falcons Warrick Dunn
45%
2009: 9 Packers Ryan Grant
41%
2008: 5 Texans Steve Slaton
36%
2002: 5 Raiders Charlie Garner
27%
2000: 6 49ers Charlie Garner
27%
2005: 8 Browns Reuben Droughns
23%
2006: 8 Redskins Ladell Betts
18%
2005: 9 Raiders LaMont Jordan
18%
No matching quizzes found
Score Distribution
Percent of People with Each Score
Percentile by Number Answered
Your Score History
You have not taken this quiz